[Event "Open"]
[Site "Estensi ITA"]
[Date "2001.06.08"]
[Round "7"]
[White "Pircher,K"]
[Black "Mauro,A"]
[Result "0-1"]
[WhiteElo "2041"]
[BlackElo "2225"]

1.d4 Nf6 2.c4 g6 3.Nc3 Bg7 4.e4 d6 5.Nf3 O-O 6.Be2 e5 7.O-O exd4 8.Nxd4 Re8
9.f3 Nc6 10.Be3 Ne5 11.Qd2 c6 12.Rad1 a6 13.a4 Qc7 14.Rfe1 c5 15.Nc2 Rd8
16.Bg5 Be6 17.Ne3 Qa5 18.Ned5 Ned7 19.Nxf6+ Nxf6 20.Nd5 Qxd2 21.Rxd2 Bxd5
22.cxd5 Rdb8 23.Bf4 Ne8 24.Ra1 Bd4+ 25.Kf1 Kf8 26.Ra3 Ke7 27.Bd3 Nc7 28.b3 b5
29.axb5 axb5 30.Rda2 b4 31.Rxa8 Rxa8 32.Rxa8 Nxa8 33.Ke2 f6 34.Bc4 Nb6 35.Bb5 Be5
36.Bxe5 fxe5 37.h4 h6 38.Ke3 Kf6 39.g4 g5 40.h5 Ke7 41.Kd3 Kd8 42.Ba6 Kc7
43.Bb5 Nc8 44.Be8 Kb6 45.Bd7 Na7 46.Kc4 Ka5 47.Be8 Nc8 48.Kd3 Nb6 49.Bc6 c4+
50.bxc4 b3 51.c5 dxc5 52.d6 Kb4 53.d7 c4+ 54.Kd2 c3+ 55.Kc1 b2+ 56.Kc2 Nc4
57.d8=Q Na3+ 58.Kd3 b1=Q+ 59.Ke2 Qa2+ 60.Kf1 Qc4+ 61.Kg2 Qxc6  0-1

[Event "zt 2.4"]
[Site "Sao Paulo BRA"]
[Date "2001.06.08"]
[Round "2"]
[White "Leitao,R"]
[Black "Vescovi,G"]
[Result "1/2-1/2"]
[WhiteElo "2587"]
[BlackElo "2572"]

1.d4 Nf6 2.c4 g6 3.Nc3 Bg7 4.e4 d6 5.Be2 O-O 6.Nf3 e5 7.O-O Na6 8.Be3 Ng4
9.Bg5 Qe8 10.dxe5 dxe5 11.h3 h6 12.Bd2 Nf6 13.Be3 Qe7 14.a3 c6 15.Qc2 Nh5
16.Rfe1 Qf6 17.c5 Nc7 18.Rad1 Nf4 19.Bxf4 Qxf4 20.b4 Re8 21.Na4 Ne6 22.Nb2 Qf6
23.g3 Ng5 24.Nxg5 Qxg5 25.h4 Qe7 26.Nc4 Be6 27.Nd6 Red8 28.Bc4 b5 29.Bxe6 Qxe6
30.a4 a6 31.Rd3  1/2-1/2

[Event "It"]
[Site "Bibinje CRO"]
[Date "2001.06.09"]
[Round "8"]
[White "Rezan,S"]
[Black "Jakic,I"]
[Result "0-1"]
[WhiteElo "2336"]
[BlackElo "2246"]

1.c4 Nf6 2.Nc3 g6 3.e4 d6 4.d4 Bg7 5.Be2 O-O 6.Nf3 e5 7.Be3 Ng4 8.Bg5 f6
9.Bh4 g5 10.Bg3 Nh6 11.c5 Nf7 12.dxe5 dxe5 13.O-O Be6 14.b4 c6 15.Qc2 Nd7
16.Nd2 a5 17.a3 b5 18.h3 Qe7 19.Rfe1 Ra7 20.Nf1 Rfa8 21.Qb2 Nh6 22.Ne3 Nf8
23.Bd3 Qd7 24.Rad1 Qb7 25.Nf5 Ng6 26.Bc2 Bxf5 27.exf5 Ne7 28.Qb1 axb4 29.axb4 Kh8
30.h4 Ra3 31.hxg5 Rxc3 32.gxh6 Bxh6 33.Bh4 Nd5 34.Bb3 Qg7 35.Bxd5 cxd5 36.Rxd5 Rg8
37.g3 Rc4 38.Qd1 Rxh4 39.Rd7 Qg5 40.c6 Rg4 41.Qf3 Qh4 42.Qg2 Bf4 43.gxh4 Rxg2+
44.Kf1 R2g7 45.Red1 e4 46.h5 h6 47.R1d4 Rxd7 48.cxd7 Rd8 49.Rxe4 Bc7 50.Re7 Kg8
51.Ke2 Kf8 52.Rh7 Kg8 53.Re7 Kf8 54.Rh7  0-1

[Event "IHEM"]
[Site "Hamburg GER"]
[Date "2001.06.09"]
[Round "8"]
[White "Meier,DG"]
[Black "Klarner,W"]
[Result "1/2-1/2"]
[WhiteElo "2083"]
[BlackElo "2197"]

1.d4 d6 2.c4 Nf6 3.Nf3 g6 4.Nc3 Bg7 5.e4 O-O 6.Be2 e5 7.O-O Nbd7 8.dxe5 dxe5
9.Bg5 c6 10.Qd6 Re8 11.Rfd1 h6 12.Bh4 Bf8 13.Qd2 Qc7 14.a3 a5 15.Ne1 Kg7
16.Nd3  1/2-1/2

[Event "2nd IECC"]
[Site "Ohrid MKD"]
[Date "2001.06.09"]
[Round "8"]
[White "Sargissian,G"]
[Black "Dancevski,O"]
[Result "1-0"]
[WhiteElo "2517"]
[BlackElo "2428"]

1.d4 Nf6 2.c4 g6 3.Nc3 Bg7 4.e4 d6 5.Nf3 O-O 6.Be2 e5 7.O-O Na6 8.Be3 Ng4
9.Bg5 f6 10.Bc1 c6 11.h3 Nh6 12.c5 exd4 13.Bxa6 bxa6 14.Qxd4 Nf7 15.cxd6 Qxd6
16.Qxd6 Nxd6 17.Bf4 Nb7 18.Rad1 Be6 19.Rfe1 Rac8 20.e5 f5 21.Nd4 Kf7 22.Nxe6 Kxe6
23.Ne2 c5 24.Bg5 f4 25.Nxf4+ Kf5 26.g4+ Kxg5 27.Ne6+ Kh4 28.Nxf8 Bxf8 29.Rd7 Nd8
30.Rxh7+ Kg5 31.Re4 Ne6  1-0

[Event "2nd IECC"]
[Site "Ohrid MKD"]
[Date "2001.06.09"]
[Round "8"]
[White "Gershon,A"]
[Black "Piket,Je"]
[Result "1/2-1/2"]
[WhiteElo "2539"]
[BlackElo "2628"]

1.d4 Nf6 2.c4 g6 3.Nc3 Bg7 4.e4 d6 5.Nf3 O-O 6.Be2 e5 7.Be3 Na6 8.O-O Ng4
9.Bg5 Qe8 10.dxe5 dxe5 11.h3 f6 12.Bd2 Nh6 13.Be3 Nf7 14.c5 c6 15.Qa4 Nc7
16.b4 Ne6 17.Rad1 f5 18.exf5 gxf5 19.Bc4 Kh8 20.Qb3 e4 21.Nd4 Nxd4 22.Bxd4 Ne5
23.Kh1 b5 24.cxb6 axb6 25.Rfe1 b5 26.Bf1 Be6 27.Qb2 Qg6 28.Nxb5 Rxa2 29.Qc3 Ng4
30.hxg4 cxb5 31.gxf5 Bxf5 32.Ra1 Rxa1 33.Rxa1 Rd8 34.Be5 Be6 35.Kg1 Qg5 36.Bxg7+ Qxg7
37.Qxg7+ Kxg7 38.Bxb5 Rb8 39.Ra5 Kf6 40.Kh2 h6 41.Kg3 Rg8+ 42.Kh2 Rb8 43.Kg3 Rg8+
44.Kf4 Rxg2 45.Ke3 Rg1 46.Bc6 Rb1 47.b5 Ke5 48.b6+ Kd6 49.Bxe4 Rxb6 50.Rh5 Rb3+
51.Kf4 Rh3 52.Rxh3  1/2-1/2

[Event "2nd IECC"]
[Site "Ohrid MKD"]
[Date "2001.06.09"]
[Round "8"]
[White "Huzman,A"]
[Black "Miroshnichenko,E"]
[Result "1-0"]
[WhiteElo "2578"]
[BlackElo "2520"]

1.d4 Nf6 2.c4 g6 3.Nc3 Bg7 4.e4 O-O 5.Nf3 d6 6.Be2 e5 7.Be3 c6 8.d5 Ng4 9.Bg5 f6
10.Bh4 c5 11.O-O Nh6 12.a3 Nd7 13.b4 Nf7 14.Ne1 h5 15.f3 a6 16.Rb1 Bh6 17.Kh1 b6
18.Bd3 Qc7 19.Qe2 Kg7 20.Nc2 Rh8 21.Rb2 Nf8 22.Ne3 Bd7 23.Rfb1 Ra7 24.Bf2 Qc8
25.Bc2 f5 26.bxc5 bxc5 27.Rb8 Qc7 28.exf5 Bxe3 29.f6+ Kxf6 30.Qxe3 Kg7 31.f4 h4
32.Ne4 Bf5 33.Be1 h3 34.g4 Bxg4 35.Bc3 Nd7 36.Rxh8 Kxh8 37.Nf2 Bh5 38.Qxh3 Kg7
39.Rg1 Nf6 40.Qg2 Nh8 41.fxe5 dxe5 42.Qg3 Ra8 43.Ne4 Re8 44.Ng5 Be2 45.Qh4 Qd7
46.h3 Bh5 47.Qg3 Nf7 48.Nxf7 Qxf7 49.Be4 Rf8 50.Rf1 Qd7 51.Kh2 Qe7 52.Qg5 Rf7
53.d6 Qd8 54.d7  1-0

[Event "White Nights"]
[Site "St Petersburg RUS"]
[Date "2001.06.09"]
[Round "1"]
[White "Sambuev,B"]
[Black "Kazakov,V"]
[Result "1-0"]
[WhiteElo "2391"]
[BlackElo "2019"]

1.Nf3 Nf6 2.c4 g6 3.Nc3 Bg7 4.e4 d6 5.d4 O-O 6.Be2 e5 7.O-O Nbd7 8.Qc2 c6
9.d5 a5 10.dxc6 bxc6 11.Rd1 Qc7 12.Qd2 Ne8 13.b3 Nc5 14.Ba3 Be6 15.Bxc5 dxc5
16.Na4 Qe7 17.Qe3 f5 18.Qxc5 Qxc5 19.Nxc5 Bc8 20.Ng5 fxe4 21.Ngxe4 Bf5 22.Bf3 Nf6
23.Rd6 Nxe4 24.Bxe4 Bxe4 25.Nxe4 Rac8 26.Rad1 Rc7 27.f3 Rfc8 28.Rd8+ Rxd8
29.Rxd8+ Kf7 30.Ra8 Bh6 31.Kf2 Bc1 32.Rxa5 Bb2 33.Ke2 Bd4 34.b4 Ke6 35.Ra6 Kf5
36.b5 Ra7 37.c5 Rc7 38.b6 Rb7 39.Nd6+ Ke6 40.Nxb7 Kd5 41.Kd3 Bf2 42.Na5  1-0

[Event "White Nights"]
[Site "St Petersburg RUS"]
[Date "2001.06.09"]
[Round "1"]
[White "Pisakov,I"]
[Black "Loginov,Va"]
[Result "0-1"]
[WhiteElo "2280"]
[BlackElo "2499"]

1.d4 Nf6 2.c4 g6 3.Nc3 Bg7 4.e4 d6 5.Nf3 O-O 6.Be2 Na6 7.O-O e5 8.d5 Nc5
9.Qc2 a5 10.Bg5 h6 11.Bh4 g5 12.Bg3 Nh5 13.h4 f5 14.hxg5 hxg5 15.exf5 Bxf5
16.Qd2 Nf4 17.Bd1 g4 18.Nh4 Qg5 19.Qe3 Bd3 20.Re1 Rf6 21.Na4 Nxa4 22.Bxa4 Rh6
23.Bd7 Bh7 24.c5 dxc5 25.Qxc5 Rxh4 26.Bxh4 Qxh4 27.g3 Nd3 28.Qc4 Qf6 29.Re2 Kh8
30.Qxg4 Rf8 31.Qh5 e4 32.Rf1 Bh6 33.Bg4 Kg7 34.Kg2 Bg6 35.Qh3 Ne5 36.Kh2 Bg5
37.Rc2 c6 38.dxc6 bxc6 39.Be2 Rh8  0-1

[Event "IHEM"]
[Site "Hamburg GER"]
[Date "2001.06.10"]
[Round "9"]
[White "Loeffler,S"]
[Black "Trisic,A"]
[Result "1/2-1/2"]
[WhiteElo "2413"]
[BlackElo "2283"]

1.Nf3 Nf6 2.c4 g6 3.Nc3 Bg7 4.e4 d6 5.d4 O-O 6.Be2 e5 7.Bg5 h6 8.Bh4 Qe8
9.dxe5 dxe5 10.O-O Na6 11.Rc1 Nc5 12.Nd2 c6 13.b4 Ne6 14.c5 Nf4 15.Nc4 Qe6
16.Nd6 Nxg2 17.Bxf6 Nf4 18.Nxc8 Qh3 19.Bf3 Rfxc8 20.Be7 Bf8 21.Bxf8 Rxf8
22.Bh1 Qh4 23.Qf3 Nh3+ 24.Kg2 Nf4+ 25.Kg1 Nh3+ 26.Kg2 Nf4+ 27.Kg1  1/2-1/2

[Event "2nd IECC"]
[Site "Ohrid MKD"]
[Date "2001.06.10"]
[Round "9"]
[White "Kocovski,I"]
[Black "Abbasov,F"]
[Result "1/2-1/2"]
[WhiteElo "2324"]
[BlackElo "2439"]

1.d4 Nf6 2.c4 g6 3.Nc3 Bg7 4.e4 d6 5.Nf3 O-O 6.Be2 e5 7.Be3 Ng4 8.Bg5 f6
9.Bh4 g5 10.Bg3 Nh6 11.h3 Nc6 12.d5 Nd4 13.Nxd4 exd4 14.Qxd4 f5 15.Qd2 f4
16.Bh2 Nf7 17.f3 c5 18.dxc6 bxc6 19.h4 h6 20.hxg5 hxg5 21.Bg1 Rb8 22.b3 Qf6
23.Rc1 Rb7 24.c5 Rd8 25.Bc4 Be6 26.Bd4 Ne5 27.Bxe5 Qxe5 28.Bxe6+ Qxe6 29.Na4 d5
30.Kf1 Rbd7 31.e5 Qxe5 32.Re1 Qf5 33.Nb2 Bf6 34.Qd3 Qxd3+ 35.Nxd3 Kg7 36.g3 fxg3
37.Kg2 Re7 38.Rxe7+ Bxe7 39.Re1 Kf6 40.Kxg3 a5 41.a3 Rh8 42.Ne5 Bd8 43.Ng4+ Kf7
44.Ne5+ Kf6 45.Nd7+ Kf7 46.Ne5+ Kf6 47.Nd7+ Kf7  1/2-1/2

[Event "White Nights"]
[Site "St Petersburg RUS"]
[Date "2001.06.10"]
[Round "2"]
[White "Kirusha,A"]
[Black "Iskusnyh,S"]
[Result "1/2-1/2"]
[WhiteElo "2343"]
[BlackElo "2533"]

1.d4 Nf6 2.c4 g6 3.Nc3 Bg7 4.e4 d6 5.Nf3 O-O 6.Be2 e5 7.O-O Nbd7 8.Be3 Re8
9.d5 Nh5 10.Re1 Bf8 11.b4 Ng7 12.Nd2 Be7 13.Nb3 Bg5 14.Bxg5 Qxg5 15.Qc1 Qe7
16.c5 Nf6 17.Bf1 Rf8 18.Nb5 Nge8 19.Qc2 a6 20.Na3 Qd8 21.Nc4 Nh5 22.a4 f5
23.Nbd2 Nef6 24.Be2 Nf4 25.Bf3 fxe4 26.Nxe4 Bf5 27.Ra3 Kh8 28.Qd1 Nxe4 29.Bxe4 Qh4
30.Qf3 Rad8 31.cxd6 cxd6 32.Rc3 Bxe4 33.Qxe4 Rc8 34.f3 Nxg2 35.Kxg2 Rf4 36.Nxe5 Rxc3
37.Nxg6+ hxg6 38.Qe8+ Kg7 39.Re7+ Kh6 40.Qh8+ Kg5 41.Qxc3 Rc4 42.Qe3+ Qf4
43.Qxf4+ Kxf4 44.Rf7+ Ke5 45.Rxb7 Kxd5 46.Rb6 Ke5 47.Kg3 g5 48.Rxa6 Rxb4
49.Ra8 d5 50.a5 Ra4 51.a6 Kf6 52.a7 Kg7 53.Kf2 d4 54.Kg3 d3 55.Rd8 Rxa7 56.Kg4 Kf6
57.Rxd3 Ra4+ 58.Kg3 Kf5  1/2-1/2

[Event "White Nights"]
[Site "St Petersburg RUS"]
[Date "2001.06.10"]
[Round "2"]
[White "Popov,Val"]
[Black "Solovjov,S"]
[Result "1-0"]
[WhiteElo "2545"]
[BlackElo "2430"]

1.d4 Nf6 2.c4 g6 3.Nc3 Bg7 4.e4 d6 5.Be2 O-O 6.Nf3 e5 7.Be3 Ng4 8.Bg5 f6
9.Bc1 Nc6 10.d5 Ne7 11.h3 Nh6 12.h4 Nf7 13.h5 f5 14.hxg6 Nxg6 15.Qc2 f4 16.Bd2 Ng5
17.Nxg5 Qxg5 18.g3 Qf6 19.O-O-O Bd7 20.Kb1 a6 21.Bc1 Rab8 22.Rh2 b5 23.Rdh1 h6
24.Rg1 b4 25.Nd1 c6 26.Qa4 Be8 27.dxc6 Ne7 28.gxf4 Nxc6 29.Bh5 Bxh5 30.Qxc6 Rbc8
31.Qd5+ Bf7 32.Qd2 Bxc4 33.f5 Rf7 34.b3 Bb5 35.Rxh6 Bd3+ 36.Kb2 Rxc1 37.Qxc1 Qd8
38.f6 Rxf6 39.Rxg7+ Kxg7 40.Qg5+ Kf7 41.Rh7+  1-0

[Event "White Nights"]
[Site "St Petersburg RUS"]
[Date "2001.06.11"]
[Round "3"]
[White "Shchukin,D"]
[Black "Inarkiev,E"]
[Result "0-1"]
[WhiteElo "2389"]
[BlackElo "2469"]

1.d4 Nf6 2.c4 g6 3.Nc3 Bg7 4.e4 d6 5.Nf3 O-O 6.Be2 e5 7.d5 a5 8.Nd2 Na6 9.h4 Nc5
10.h5 c6 11.g4 cxd5 12.exd5 e4 13.g5 Nxh5 14.Bxh5 gxh5 15.Ncxe4 Re8 16.Qxh5 Bf5
17.f3 Bg6 18.Qh4 Rc8 19.a4 Nxe4 20.fxe4 Qb6 21.Ra3 Qd4 22.Qf2 Rxe4+ 23.Kf1 Rxc4
24.Qxd4 Rxc1+ 25.Kg2 Rxd4 26.Rxc1 Rxd2+ 27.Kf3 Bd4 28.Rb3 b6 29.Rc8+ Kg7  0-1

[Event "White Nights"]
[Site "St Petersburg RUS"]
[Date "2001.06.11"]
[Round "3"]
[White "Iskusnyh,S"]
[Black "Yandarbiev,R"]
[Result "0-1"]
[WhiteElo "2533"]
[BlackElo "2360"]

1.d4 Nf6 2.c4 g6 3.Nc3 Bg7 4.e4 d6 5.Be2 O-O 6.Nf3 e5 7.Be3 h6 8.O-O Ng4
9.Bc1 Nc6 10.d5 Ne7 11.Nd2 f5 12.Bxg4 fxg4 13.b4 a5 14.bxa5 Rxa5 15.Nb3 Ra8
16.c5 g5 17.a4 Ng6 18.a5 Bd7 19.cxd6 cxd6 20.Na4 Bb5 21.Re1 Qf6 22.Be3 h5
23.Nb6 Rad8 24.Nd2 Nf4 25.Nf1 Qg6 26.Ng3 h4 27.Nf5 Rxf5 28.exf5 Qxf5 29.Ra3 e4
30.Bxf4 gxf4 31.Qc2 Re8 32.Nc4 Qxd5 33.Nxd6 Qxd6 34.Qb3+ Re6 35.Rxe4 Bc4
36.Rxe6 Qxe6 37.Qd1 Bd4 38.Kh1 h3 39.gxh3 Qd5+ 40.f3 gxf3  0-1

[Event "2nd IECC"]
[Site "Ohrid MKD"]
[Date "2001.06.12"]
[Round "11"]
[White "Golod,V"]
[Black "Kantsler,B"]
[Result "1/2-1/2"]
[WhiteElo "2593"]
[BlackElo "2507"]

1.d4 Nf6 2.c4 g6 3.Nc3 Bg7 4.e4 d6 5.Nf3 O-O 6.Be2 e5 7.d5 a5 8.Bg5 h6 9.Bh4 Na6
10.Nd2 Qe8 11.b3 Nh7 12.a3 Bd7 13.O-O h5 14.f3 Bf6 15.Bf2 Qe7 16.Rb1 Bh4
17.Be3 Bg5 18.Bf2 Bh4 19.Be3 Bg5 20.Bf2 Bh4 21.Be3 Bg5 22.Bf2 Bh4 23.Be3 Bg5
24.Bf2 Bh4  1/2-1/2

[Event "2nd IECC"]
[Site "Ohrid MKD"]
[Date "2001.06.12"]
[Round "11"]
[White "Piket,Je"]
[Black "Socko,B"]
[Result "1/2-1/2"]
[WhiteElo "2628"]
[BlackElo "2554"]

1.d4 Nf6 2.c4 g6 3.Nc3 Bg7 4.e4 d6 5.Nf3 O-O 6.Be2 e5 7.d5 Nbd7 8.Be3 Ng4
9.Bg5 f6 10.Bd2 Nh6 11.h4 f5 12.Bg5 Nf6 13.h5 Nf7 14.hxg6 hxg6 15.Qd2 Nxg5
16.Nxg5 Nxe4 17.Ncxe4 fxe4 18.Nxe4 Rf4 19.Bd3 Rh4 20.Ke2 Bf5 21.f3 Bh6 22.Qxh6 Rxh6
23.Rxh6 Kg7 24.Rah1 Bxe4 25.Bxe4 Qg5 26.Rxg6+ Qxg6 27.Bxg6 Kxg6 28.Ke3 a5
29.g3 a4 30.Rh4 c5 31.f4 exf4+ 32.Rxf4 a3 33.b3 Kg5 34.Kf3 Rh8 35.Rg4+ Kf5
36.Rf4+ Ke5 37.Re4+ Kf5 38.Rh4 Re8 39.Rh6 Re1 40.g4+ Kg5 41.Rxd6 Ra1 42.Rb6 Rxa2
43.Rxb7 Ra1 44.Rg7+ Kf6 45.Ra7 a2 46.Kg2 Kg5 47.d6 Kxg4 48.d7 Rd1 49.Rxa2 Rxd7
50.Ra5 Rd3 51.Rb5 Kf4 52.Kf2 Ke4 53.Ke2 Kd4 54.Rxc5 Rxb3  1/2-1/2

[Event "2nd IECC"]
[Site "Ohrid MKD"]
[Date "2001.06.12"]
[Round "11"]
[White "Hillarp Persson,T"]
[Black "Blehm,P"]
[Result "0-1"]
[WhiteElo "2443"]
[BlackElo "2530"]

1.c4 g6 2.d4 Bg7 3.e4 d6 4.Nc3 Nf6 5.Be2 O-O 6.Nf3 e5 7.Be3 Ng4 8.Bg5 f6
9.Bh4 g5 10.Bg3 Nh6 11.h3 exd4 12.Nxd4 Nc6 13.h4 f5 14.hxg5 Bxd4 15.gxh6 fxe4
16.Nxe4 Bf5 17.Rh4 Bxb2 18.Qd5+ Kh8 19.Rb1 Bf6 20.Qxf5 Bc3+ 21.Nxc3 Rxf5
22.Rxb7 Qf6 23.Kd2 Rb8 24.Rxb8+ Nxb8 25.Re4 Qxh6+ 26.f4 Nc6 27.Bf2 Re5 28.Be3 Rxe4
29.Nxe4 Qg7 30.Ng5 Qb2+ 31.Ke1 Nd4 32.Bxd4+ Qxd4 33.Ne6 Qg1+ 34.Kd2 Qxg2
35.Nxc7 Qf2 36.Nd5 h5 37.Kd3 h4 38.Ne7 h3  0-1

[Event "White Nights"]
[Site "St Petersburg RUS"]
[Date "2001.06.12"]
[Round "4"]
[White "Popov,Val"]
[Black "Kokarev,D"]
[Result "1-0"]
[WhiteElo "2545"]
[BlackElo "2468"]

1.d4 Nf6 2.c4 g6 3.Nc3 Bg7 4.e4 O-O 5.Nf3 d6 6.Be2 e5 7.Be3 c6 8.d5 Ng4 9.Bg5 f6
10.Bh4 h5 11.Nd2 c5 12.a3 Nh6 13.h3 Na6 14.Rb1 Nf7 15.g4 hxg4 16.Bxg4 Nc7
17.Rg1 Nh8 18.b4 b6 19.bxc5 dxc5 20.Qa4 Qd6 21.Bxc8 Rfxc8 22.Ke2 Bh6 23.Nf3 Kf7
24.Nh2 Kg7 25.Ng4 Ne8 26.Rg2 Bf4 27.Bg3 Nc7 28.Qc2 Re8 29.Qd3 Rad8 30.Rd1 Nf7
31.h4 Rh8 32.Qf3 Rde8 33.a4 a6 34.Rb1 Rb8 35.Ne3 Kf8 36.Bxf4 exf4 37.Rxg6 fxe3
38.Rxf6 Qd7 39.e5 Re8 40.Ne4 Rxe5 41.fxe3 Ne8 42.Rf4 Rh6 43.a5 Rxe4 44.Rxe4 Nd6
45.Rxb6 Nxe4 46.Rxh6 Qc7 47.Qxe4 Nxh6 48.Qe6 Nf7 49.Qxa6 Qd7 50.Qb5 Qg4+
51.Kd2 Ne5 52.Qxc5+ Kg8 53.a6 Qf5 54.Kc3 Qd3+ 55.Kb4 Qb1+ 56.Ka5 Qa2+ 57.Kb5 Qb3+
58.Qb4 Qxe3 59.Ka4 Qd4 60.c5 Qd3 61.Qb8+ Kg7 62.Qc7+ Kg8 63.Qxe5 Qc4+ 64.Ka3 Qxc5+
65.Kb3 Qb5+ 66.Kc2 Qc4+ 67.Kd2  1-0

[Event "White Nights"]
[Site "St Petersburg RUS"]
[Date "2001.06.12"]
[Round "4"]
[White "Vaingorten,Y"]
[Black "Nikolaev,N"]
[Result "1/2-1/2"]
[WhiteElo "2192"]
[BlackElo "2319"]

1.d4 Nf6 2.c4 g6 3.Nc3 Bg7 4.e4 d6 5.Nf3 O-O 6.Be2 Na6 7.O-O e5 8.Be3 Qe7
9.Qc2 c6 10.Rfd1 exd4 11.Nxd4 Nc5 12.f3 d5 13.cxd5 cxd5 14.Ndb5 dxe4 15.Nd5 Nxd5
16.Qxc5 Qxc5 17.Bxc5 Nf4 18.Bxf8 Nxe2+ 19.Kf2 Kxf8 20.Kxe2 exf3+ 21.Kxf3 Bxb2
22.Rab1 Be5 23.Nxa7 Rxa7 24.Rd8+ Kg7 25.Rxc8 Bxh2 26.g3 Rxa2 27.Rc3 h5 28.Rcb3 g5
29.R1b2  1/2-1/2

[Event "2nd IECC"]
[Site "Ohrid MKD"]
[Date "2001.06.13"]
[Round "12"]
[White "Sulava,N"]
[Black "Nevednichy,V"]
[Result "0-1"]
[WhiteElo "2526"]
[BlackElo "2563"]

1.Nf3 g6 2.c4 Bg7 3.d4 d6 4.Nc3 Nf6 5.e4 O-O 6.Be2 e5 7.O-O Na6 8.Be3 Ng4
9.Bg5 Qe8 10.dxe5 h6 11.Bh4 dxe5 12.Nd2 h5 13.h3 Nh6 14.c5 Be6 15.Nd5 Bxd5
16.exd5 Nf5 17.c6 bxc6 18.Bxa6 Nxh4 19.Bb7 cxd5 20.Bxa8 Qxa8 21.Qa4 e4 22.Rac1 Bxb2
23.Rxc7 Qd8 24.Rc2 Qg5 25.g3 Be5 26.Nxe4 dxe4 27.Qxe4 Bxg3 28.fxg3 Qxg3+
29.Kh1 Qxh3+ 30.Kg1 Nf5 31.Rfc1 Qg3+ 32.Rg2 Qa3 33.Rc7 Qa5 34.Rd7 Qb6+ 35.Kh1 Ne3
36.Rb7 Qa6 37.Rf2 Ng4 38.Rfxf7 Rxf7  0-1

[Event "White Nights"]
[Site "St Petersburg RUS"]
[Date "2001.06.13"]
[Round "5"]
[White "Iskusnyh,S"]
[Black "Driamin,D"]
[Result "1-0"]
[WhiteElo "2533"]
[BlackElo "2305"]

1.d4 Nf6 2.c4 g6 3.Nc3 Bg7 4.Nf3 O-O 5.e4 d6 6.Be2 e5 7.Be3 exd4 8.Nxd4 Re8
9.f3 c6 10.Bf2 d5 11.exd5 cxd5 12.O-O Nc6 13.c5 Nh5 14.Qd2 Be5 15.g3 Ng7
16.Rfd1 Ne6 17.Nxe6 Bxe6 18.f4 Bxc3 19.Qxc3 Bf5 20.Bc4 Be4 21.b4 a6 22.a4 Qd7
23.Bf1 Qg4 24.h3 Qh5 25.g4 Qh6 26.b5 d4 27.Qb3 axb5 28.axb5 Rxa1 29.Rxa1 Ne7
30.Re1 Qxf4 31.Bg3 Bd5 32.Bxf4 Bxb3 33.c6 bxc6 34.b6 c5 35.b7  1-0

[Event "2nd IECC"]
[Site "Ohrid MKD"]
[Date "2001.06.14"]
[Round "13"]
[White "San Segundo Carrillo,P"]
[Black "Kozul,Z"]
[Result "1-0"]
[WhiteElo "2508"]
[BlackElo "2595"]

1.d4 Nf6 2.c4 g6 3.Nc3 Bg7 4.e4 d6 5.Nf3 O-O 6.Be2 e5 7.O-O Nbd7 8.Be3 c6
9.d5 c5 10.Ne1 Ne8 11.g4 f5 12.gxf5 gxf5 13.exf5 Nb6 14.Nf3 Bxf5 15.Ng5 Qd7
16.Kh1 Nf6 17.f3 Nh5 18.Rg1 Kh8 19.Bd3 Bxd3 20.Qxd3 Qf5 21.Qxf5 Rxf5 22.b3 h6
23.Nge4 Rxf3 24.Rae1 Rd8 25.Rg6 Nf4 26.Rxd6 Rg8 27.Bxf4 exf4 28.Nd1 Rh3 29.Rg1 Rf8
30.Ndf2 Rh5 31.Nxc5 Be5 32.Re6 f3 33.h3 Bd4 34.Ncd3 Nd7 35.Rg4 Bxf2 36.Nxf2 a5
37.Re7 Nc5 38.Rgg7 Rg5 39.Rxg5 hxg5 40.Kh2 Rf4 41.Kg3 Kg8 42.Rc7 b6 43.Rc6 Kf7
44.Rxb6 Nd7 45.Re6 Nf6 46.Re3 Nh5+ 47.Kh2 Ng7 48.Re4 Rf5 49.d6 Rf6 50.Re7+ Kf8
51.c5 Nf5 52.Re5  1-0

[Event "2nd IECC"]
[Site "Ohrid MKD"]
[Date "2001.06.14"]
[Round "13"]
[White "Mrva,Mart"]
[Black "Khruschiov,A"]
[Result "0-1"]
[WhiteElo "2479"]
[BlackElo "2400"]

1.d4 Nf6 2.Nf3 g6 3.c4 Bg7 4.Nc3 O-O 5.e4 d6 6.Be2 e5 7.d5 a5 8.Be3 Ng4 9.Bg5 f6
10.Bh4 h5 11.Nd2 Na6 12.h3 Nh6 13.g4 hxg4 14.hxg4 Nf7 15.a3 Bd7 16.Rb1 Nc5
17.b4 axb4 18.axb4 Na4 19.Nxa4 Rxa4 20.g5 Ra3 21.c5 f5 22.Nc4 Ra7 23.Rg1 Re8
24.b5 dxc5 25.b6 cxb6 26.Rxb6 Qa8 27.Kd2 Ra2+ 28.Ke3 Ba4 29.Qc1 Bc2 30.Bd3 f4+
31.Ke2 Qa4 32.Rb2 Bxd3+ 33.Kxd3 b5 34.Rxa2 Qxa2 35.Nd2 Nd6 36.Qxc5 Qxd2+
37.Kxd2 Nxe4+  0-1

[Event "2nd IECC"]
[Site "Ohrid MKD"]
[Date "2001.06.14"]
[Round "13"]
[White "Ionov,S"]
[Black "Blehm,P"]
[Result "1/2-1/2"]
[WhiteElo "2505"]
[BlackElo "2530"]

1.d4 Nf6 2.c4 g6 3.Nc3 Bg7 4.e4 O-O 5.Nf3 d6 6.Be2 e5 7.Be3 Ng4 8.Bg5 f6
9.Bh4 Nc6 10.d5 Ne7 11.Nd2 h5 12.h3 Nh6 13.g4 g5 14.Bg3 Ng6 15.gxh5 Nf4 16.Bxf4 exf4
17.Qc2 Bd7 18.O-O-O Qc8 19.Qd3 a6 20.Rdg1 b5 21.Bd1 Nf7 22.Bg4 Ne5 23.Qe2 b4
24.Nd1 c6 25.dxc6 Qxc6 26.Bxd7 Qxd7 27.f3 Rfc8 28.Kb1 Qf7 29.Nf2 Nxc4 30.Nxc4 Rxc4
31.Rc1 Rxc1+ 32.Rxc1 Qxh5 33.Rc7 Kh8  1/2-1/2

[Event "White Nights"]
[Site "St Petersburg RUS"]
[Date "2001.06.14"]
[Round "6"]
[White "Driamin,D"]
[Black "Fazulyanov,S"]
[Result "0-1"]
[WhiteElo "2305"]
[BlackElo "2227"]

1.d4 Nf6 2.Nf3 g6 3.c4 Bg7 4.Nc3 O-O 5.e4 d6 6.Be2 e5 7.Be3 Nc6 8.d5 Ne7
9.Nd2 Ne8 10.b4 f5 11.f3 a5 12.a3 fxe4 13.fxe4 b6 14.c5 axb4 15.axb4 Rxa1
16.Qxa1 bxc5 17.bxc5 dxc5 18.Bxc5 Nd6 19.Qa3 Bd7 20.Nc4 Nec8 21.Nxd6 Nxd6
22.Bf2 Qg5 23.Bf3 Nc4 24.Qa2 Bh6 25.Ne2 Nd2 26.d6+ Kh8 27.dxc7 Nxf3+ 28.Kd1 Ba4+  0-1

[Event "White Nights"]
[Site "St Petersburg RUS"]
[Date "2001.06.15"]
[Round "7"]
[White "Shariyazdanov,A"]
[Black "Kokarev,D"]
[Result "1/2-1/2"]
[WhiteElo "2594"]
[BlackElo "2468"]

1.d4 Nf6 2.c4 g6 3.Nc3 Bg7 4.e4 d6 5.Be2 O-O 6.Nf3 e5 7.O-O exd4 8.Nxd4 Re8
9.f3 c6 10.Kh1 Nbd7 11.Bg5 h6 12.Bh4 Ne5 13.Rc1 g5 14.Bf2 d5 15.exd5 cxd5
16.c5 a6 17.b4 Nh5 18.Re1 Nf4 19.Bf1 Be6 20.Rc2 Qc7 21.g3 Nfg6 22.Rce2 Rad8
23.Bg2 Qd7 24.Qc2 Bh3 25.a3 Bxg2+ 26.Kxg2 g4 27.f4 Nf3 28.Rxe8+ Rxe8 29.Rxe8+ Qxe8
30.Qe2 Qd7 31.Nxf3 Bxc3 32.Nd4 Ne7 33.Qd3 Bxd4 34.Bxd4 Nf5 35.Kf2 h5 36.a4 Nxd4
37.Qxd4 Qxa4  1/2-1/2

[Event "IM Ajvatovica"]
[Site "Donji Vakuf BIH"]
[Date "2001.06.16"]
[Round "3"]
[White "Muratovic,Ef"]
[Black "Rasic,D"]
[Result "0-1"]
[WhiteElo "2303"]
[BlackElo "2283"]

1.Nf3 Nf6 2.c4 g6 3.Nc3 Bg7 4.e4 O-O 5.d4 d6 6.Be2 e5 7.Be3 Ng4 8.Bg5 f6
9.Bc1 Nc6 10.d5 Ne7 11.h3 Nh6 12.g4 Nf7 13.Nh4 Bh6 14.Bxh6 Nxh6 15.Qd2 Nf7
16.O-O-O c6 17.Kb1 a6 18.c5 cxd5 19.cxd6 Qxd6 20.exd5 f5 21.gxf5 Nxf5 22.Nxf5 Bxf5+
23.Bd3 Qf6 24.h4 Nd6 25.Rh2 Rac8 26.Ka1 Bxd3 27.Qxd3 Qf5 28.a3 Qxd3 29.Rxd3 Rc4
30.Re3 Rf5 31.f3 Rd4 32.Rhe2 Nc4 33.Re4 Rxf3 34.d6 Rf7 35.Rxd4 exd4 36.Ne4 d3
37.Rg2 Kg7 38.Rg3 d2 39.Nxd2 Nxd6 40.Rd3 Nf5 41.Nf3 Kh6 42.Rd2 Kh5 43.Rh2 Re7
44.Kb1 Re3 45.Ng5 h6 46.Nh7 Re6 47.Nf8 Rd6 48.Rf2 Nxh4 49.Rf7 b5 50.Nh7 g5
51.Rf2 Kg6 52.Nf8+ Kg7  0-1

[Event "White Nights"]
[Site "St Petersburg RUS"]
[Date "2001.06.16"]
[Round "8"]
[White "Smirnov,Ar"]
[Black "Kazakov,V"]
[Result "1-0"]
[WhiteElo "2246"]
[BlackElo "2019"]

1.d4 Nf6 2.c4 g6 3.Nc3 Bg7 4.e4 O-O 5.Nf3 d6 6.Be2 e5 7.O-O Nbd7 8.Be3 Ng4
9.Bg5 f6 10.Bd2 Nh6 11.Qc2 Nf7 12.Rad1 a5 13.a3 c6 14.Bc1 Bh6 15.Bxh6 Nxh6
16.dxe5 dxe5 17.c5 Qe7 18.b4 axb4 19.axb4 Nb8 20.Na4 Be6 21.Nd2 Na6 22.Nb6 Nxb4
23.Qc3 Na6 24.Nxa8 Rxa8 25.Ra1 Nf7 26.Nf3 h6 27.Rfd1 Nc7 28.Rxa8+ Nxa8 29.h3 Nc7
30.Qb4 b5 31.Ra1 f5 32.Ra7 fxe4 33.Qxe4 Bf5 34.Qxc6 e4 35.Rxc7 Qd8 36.Nh2 Ne5
37.Qd6 Qxd6 38.cxd6 b4 39.Rb7 Nc6 40.Ng4 Nd4 41.Bc4+ Kf8 42.Rf7+  1-0

[Event "5th Open"]
[Site "Voronezh RUS"]
[Date "2001.06.19"]
[Round "7"]
[White "Zhaurov,A"]
[Black "Bobrov,I"]
[Result "0-1"]
[WhiteElo "2202"]
[BlackElo "2322"]

1.d4 Nf6 2.Nf3 g6 3.c4 Bg7 4.Nc3 O-O 5.e4 d6 6.Be2 Nbd7 7.O-O e5 8.Re1 c6
9.h3 Re8 10.Bf1 a5 11.dxe5 dxe5 12.Be3 Qe7 13.Qc2 Nc5 14.Rad1 Nfd7 15.Bg5 Qf8
16.Bc1 Bh6 17.g3 Bxc1 18.Qxc1 Qe7 19.Qe3 Nf8 20.Rd2 f6 21.Red1 Be6 22.Rd6 Nfd7
23.Qd2 Rac8 24.b3 Rc7 25.Qe3 b6 26.Kh2 Nb7 27.R6d2 Ndc5 28.h4 Rcc8 29.Ne2 Rcd8
30.a3 Rxd2 31.Rxd2 Nd7 32.Bh3 Bxh3 33.Kxh3 Rd8 34.Nc3 Qxa3 35.Na4 Qb4 36.h5 Kg7
37.Nh4 Ndc5 38.Nxc5 Qxd2 39.Ne6+ Kg8 40.Qf3 Qd7 41.Qg4 Qd1 42.Nf3 Qf1+ 43.Kh2 Qxf2+
44.Kh3 Rd1  0-1

[Event "Hotel Lippa GM"]
[Site "Szentgotthard HUN"]
[Date "2001.06.20"]
[Round "8"]
[White "Csom,I"]
[Black "Horvath,Ad"]
[Result "1/2-1/2"]
[WhiteElo "2431"]
[BlackElo "2478"]

1.d4 Nf6 2.c4 g6 3.Nc3 Bg7 4.Nf3 O-O 5.e4 d6 6.Be2 e5 7.Be3 Ng4 8.Bg5 f6
9.Bh4 g5 10.Bg3 Nh6 11.dxe5 dxe5 12.Qxd8 Rxd8 13.Nd5 Na6 14.h4  1/2-1/2

[Event "TCh-Europe Boys U18"]
[Site "Balatonlelle HUN"]
[Date "2001.06.22"]
[Round "1"]
[White "Jegorovas,A"]
[Black "Pinter,G"]
[Result "1/2-1/2"]
[WhiteElo "2182"]
[BlackElo "2403"]

1.d4 Nf6 2.c4 g6 3.Nc3 Bg7 4.e4 d6 5.Nf3 O-O 6.Be2 Na6 7.O-O e5 8.d5 Nc5
9.Qc2 a5 10.Bg5 h6 11.Be3 Ne8 12.Nd2 f5 13.f3 f4 14.Bf2 h5 15.b3 g5 16.a3 g4
17.b4 Na6 18.bxa5 g3 19.hxg3 Qg5 20.g4 Nf6 21.c5 hxg4 22.fxg4 Nxg4 23.cxd6 cxd6
24.Nb5 Rf6 25.Bb6 Rh6 26.Bxg4 Bxg4 27.Nf3 Qh5 28.Qd3 Bf6 29.Kf2 Bh4+ 30.Ke2 Bd7
31.Rh1 Qg4 32.Kf1 Bxb5  1/2-1/2